Analytics and Intuition in the Process of Selecting Talent : A Holistic Approach.

Bibliographic Details
Main Author: Deters, Jürgen.
Format: eBook
Language:English
Published: Berlin/Boston : Walter de Gruyter GmbH, 2022.
Edition:1st ed.
Subjects:
Online Access:Click to View
LEADER 01463nam a22003493i 4500
001 EBC7127846
003 MiAaPQ
005 20240729202204.0
006 m o d |
007 cr cnu||||||||
008 240729s2022 xx o ||||0 eng d
020 |a 9783110980967  |q (electronic bk.) 
035 |a (MiAaPQ)EBC7127846 
035 |a (Au-PeEL)EBL7127846 
035 |a (OCoLC)1350571002 
040 |a MiAaPQ  |b eng  |e rda  |e pn  |c MiAaPQ  |d MiAaPQ 
082 0 |a 658.311 
100 1 |a Deters, Jürgen. 
245 1 0 |a Analytics and Intuition in the Process of Selecting Talent :  |b A Holistic Approach. 
250 |a 1st ed. 
264 1 |a Berlin/Boston :  |b Walter de Gruyter GmbH,  |c 2022. 
264 4 |c {copy}2022. 
300 |a 1 online resource (606 pages) 
336 |a text  |b txt  |2 rdacontent 
337 |a computer  |b c  |2 rdamedia 
338 |a online resource  |b cr  |2 rdacarrier 
588 |a Description based on publisher supplied metadata and other sources. 
590 |a Electronic reproduction. Ann Arbor, Michigan : ProQuest Ebook Central, 2024. Available via World Wide Web. Access may be limited to ProQuest Ebook Central affiliated libraries.  
655 4 |a Electronic books. 
776 0 8 |i Print version:  |a Deters, Jürgen  |t Analytics and Intuition in the Process of Selecting Talent  |d Berlin/Boston : Walter de Gruyter GmbH,c2022 
797 2 |a ProQuest (Firm) 
856 4 0 |u https://ebookcentral.proquest.com/lib/matrademy/detail.action?docID=7127846  |z Click to View